[Event "Albacete op 09th"]
[Site "Albacete"]
[Date "2001.09.01"]
[Round "3"]
[White "Collas, Silvia"]
[Black "Arizmendi Martinez, Julen Luis"]
[Result "0-1"]
[WhiteElo "2360"]
[BlackElo "2495"]
[Annotator "Arizmendi,J"]
[PlyCount "42"]
[EventDate "2001.08.30"]
[EventType "swiss"]
[EventRounds "9"]
[EventCountry "ESP"]
[SourceTitle "EXT 2002"]
[Source "ChessBase"]
[SourceDate "2001.11.25"]
[SourceVersion "1"]
[SourceVersionDate "2001.11.25"]
[SourceQuality "1"]

1. e4 c5 2. Nf3 g6 {A very interesting move order designed to reach
dragon-like positions, but sidestepping the Rossolimo and the Alapin deferred.
The only "but" is that white can recapture on <d4> with the queen.} 3. d4 cxd4
4. Qxd4 {The critical continuation.} Nf6 5. Nc3 {The modern way of handling
this position. White sensibly develops pieces and tries to take advantage of
his superior development.} (5. Bb5 a6 6. e5 axb5 7. exf6 Nc6 8. fxe7 Qxe7+ 9.
Qe3 b4 $1 {has been proven by some American players to be quite good.}) ({
Meanwhile,} 5. e5 Nc6 6. Qa4 Nd5 7. Qe4 {Morozevich - Petursson, 15th ECC 1999,
is also possible.}) 5... Nc6 6. Qa4 d6 7. Bg5 $6 {Even though it was quickly
played by my opponent, this move does not pose any serious threat to the 2...
g6 variation.} (7. e5 $1 {is the most dangerous line for black.}) (7. e5 Ng4 8.
Bf4 (8. exd6 Qxd6 (8... Bg7 $5) 9. Bf4 e5 10. Bg3 Qb4 11. Bb5 Qxa4 12. Bxa4 f6
13. h3 Nh6 14. Nd5 Kf7 15. Nxf6 Nf5 16. Ne4 Nxg3 17. fxg3 Bf5 18. O-O Bxe4 19.
Ng5+ Ke8 20. Nxe4 Be7 21. Nf6+ Bxf6 22. Rxf6 Ke7 23. Raf1 Nd8 24. R6f3 Rc8 25.
Re3 Rc5 26. b4 Rc4 27. c3 Kd6 28. Rd1+ {1-0 Wells,P-Paschall,W/Koszeg 1998/CBM
66 (28)}) 8... Bg7 9. exd6 O-O 10. Bb5 e5 11. Bg3 Qxd6 12. Rd1 Qc5 13. O-O Nd4
14. Nxd4 exd4 15. Ne4 Qb6 16. Bd6 Rd8 17. h3 Bf5 18. Be7 Qc7 19. hxg4 Qxe7 20.
gxf5 Qxe4 21. fxg6 hxg6 22. Rfe1 Qh4 23. Bc4 Bf6 24. Rd3 Kg7 25. Qb5 b6 26. Rh3
Qg5 27. Qxg5 Bxg5 28. Rf3 Bf6 29. g4 Rd7 30. Re4 Rc8 31. b3 Rc5 32. a4 a6 33.
Re8 b5 34. axb5 axb5 35. Bd3 Re7 36. Rxe7 Bxe7 37. Rf4 Bf6 38. Re4 Kf8 39. f4
g5 40. f5 b4 41. Re1 Ra5 42. Kf2 Be5 43. Kf3 Bf6 44. Be4 Kg7 45. Rh1 Rc5 46.
Bd3 Ra5 47. Ke2 Be5 48. Bc4 Bf6 49. Kd3 Kg8 50. Re1 Kf8 51. Kd2 Be5 52. Kd3 Bf6
{1/2-1/2 Gershon,A-Perelshteyn,E/Menorca 1996/Juniors (52)}) 7... Bg7 8. O-O-O
Bd7 {The simple way to prevent 9.e5.} 9. Qa3 (9. Bb5 a6 10. Bxc6 Bxc6 11. Qb4
Qc7 {And black is doing great.}) 9... a6 $1 {White had in mind to play 10.Bb5
a6 11.Bxc6 Bxc6 12.e5! The difference with last note is that black does not
hit white´s queen after recapturing on <c6>, so there is no time to take the
black queen out of the <d> file.} 10. e5 $5 {trying to pry open the position
and get to the black king.} (10. Bd3 $6 {white plays for 11.Nd5, but there is
no time for this due to the badly placed white queen.} b5 11. Nd5 Nxd5 12. exd5
b4 13. Qb3 Na5 14. Qxb4 Rb8 $17) 10... dxe5 11. Bxf6 Bxf6 12. Ne4 Qa5 {Gaining
time to consolidate the position.} 13. Qb3 Bf5 $5 {I believe this to be a very
interesting attempt to wrestle the initiative from white.} (13... Qb4 14. Bc4
Qxb3 15. Bxb3 Bg4 $1 {Is Fritz´s recommendation, and I think that once more
the machine is right. Black does seem to be better here.}) 14. Qxb7 {Of course,
white has to go for this.} O-O $1 {The key to black´s previous play: a piece
is now sacrificed, but the iniative falls completely into his hands.} 15. Bd3
$2 (15. Qxc6 {The piece sacrifice had to be accepted.} Rfc8 16. Qd5 (16. Qb7
Rab8 {is not a good idea.}) 16... Qxd5 17. Nxf6+ exf6 18. Rxd5 Rxc2+ 19. Kd1
Rb8 20. Nd2 (20. Rd2 Rbxb2) 20... Rbxb2 {and black has obvious compensation
for the piece.}) 15... Nb4 16. a3 (16. Nxf6+ exf6 17. Bxf5 Nxa2+ 18. Kb1 Rab8
$19 {loses on the spot.}) 16... Na2+ 17. Kb1 Rfb8 18. Nxf6+ exf6 19. Qe7 Qb6 $1
{The white queen is running out of squares.} 20. b3 Nc3+ 21. Ka1 Nd5 0-1

[Event "EU-ch 2nd"]
[Site "Ohrid"]
[Date "2001.06.06"]
[Round "6"]
[White "Anastasian, Ashot"]
[Black "Chatalbashev, Boris"]
[Result "1-0"]
[WhiteElo "2574"]
[BlackElo "2518"]
[Annotator "Atlas,V"]
[PlyCount "69"]
[EventDate "2001.06.01"]
[EventType "swiss"]
[EventRounds "13"]
[EventCountry "YUG"]
[SourceTitle "CBM 084"]
[Source "ChessBase"]
[SourceDate "2001.09.13"]
[SourceVersion "1"]
[SourceVersionDate "2001.09.13"]
[SourceQuality "1"]

1. d4 g6 2. e4 Bg7 3. Nf3 c5 4. c3 cxd4 5. cxd4 d5 6. e5 Bg4 7. Nbd2 Nc6 8. Bd3
Nh6 9. h3 Bf5 10. Nb3 Be4 11. O-O Nf5 12. Bb5 Qb6 13. Bxc6+ Qxc6 14. Bf4 Bxf3
15. Qxf3 e6 16. g4 Ne7 17. Bg5 b6 18. Bf6 Bxf6 19. exf6 Nc8 20. Nc1 Nd6 21. Nd3
Ne4 22. Ne5 Qd6 23. Qf4 h6 24. Rac1 Qd8 25. f3 g5 26. Qe3 Nxf6 27. f4 $1 Nd7
28. Nxf7 $1 {[%csl Re6,Re8][%cal Gf1f7,Ge3e6,Gc1c6] This knight sacrifice
yields White a very dangerous attack.} Kxf7 29. fxg5+ Ke7 30. Rc6 {[%csl Re6]
[%cal Ge3e6,Gc6e6]} Qg8 (30... Nf8 {loses in view of} 31. g6 $1) 31. gxh6 Qg6
32. Rc7 Qxh6 $2 (32... Rh7 {or 32...Ke8 was much more stubborn. The text move
is convincingly refuted by White.}) 33. Qa3+ Ke8 {[%tqu "En","A knight
sacrifice was definitely a correct decision: White pieces are very active and
ready for the final strike. How would you conclude the game?","Try to bring
your f1-rook into action.","Eliminate the key defender of the black king.",
"c7d7","Correct! This powerful strike deprives Black of last hopes.",5]} 34.
Rxd7 $1 {[%csl Rd6,Re7,Re8][%cal Gf1f7,Ga3e7,Gf7a7] Without his key defender
the black king is doomed.} Qg5 (34... Kxd7 {leads to various mate finals:} 35.
Rf7+ Kc6 (35... Kc8 36. Qc3+ Kd8 37. Qc7+ Ke8 38. Qe7#) (35... Kd8 36. Qd6+ Kc8
37. Qc7#) 36. Qa4+ b5 (36... Kd6 37. Qd7#) 37. Qa6#) (34... Qh4 {loses after}
35. Qd6) 35. Rd6 (35. Rd6 {, and Black resigned, as} Qe7 {or 35...Rh6 fail to}
36. Qa4+) 1-0

[Event "EU-ch 6th"]
[Site "Warsaw"]
[Date "2005.06.22"]
[Round "5"]
[White "Rutkowski, Maciej"]
[Black "Heberla, Bartlomiej"]
[Result "0-1"]
[WhiteElo "2346"]
[BlackElo "2454"]
[Annotator "Atlas,V"]
[PlyCount "96"]
[EventDate "2005.06.18"]
[EventType "swiss"]
[EventRounds "13"]
[EventCountry "POL"]
[SourceTitle "CBM 108"]
[Source "ChessBase"]
[SourceDate "2005.09.26"]
[SourceVersion "1"]
[SourceVersionDate "2005.09.26"]
[SourceQuality "1"]

1. e4 c5 2. Nf3 g6 3. d4 Bg7 4. Nc3 Qa5 5. dxc5 Bxc3+ 6. bxc3 Qxc3+ 7. Bd2 Qxc5
8. Bd3 d6 9. O-O Nf6 10. Bh6 Nbd7 11. a4 Qh5 12. Qd2 Ng4 13. Bg7 Rg8 14. Bc3
Nde5 15. Bxe5 Nxe5 16. Nxe5 Qxe5 17. Rab1 a6 18. a5 Kf8 19. f4 Qc5+ 20. Kh1 Kg7
21. f5 (21. Qb4 {deserved attention here.}) 21... f6 22. Rf3 g5 23. Rh3 Bd7 24.
Qe2 Bc6 25. Bc4 $6 (25. Qh5 Rh8 26. Qh6+ Kf7 27. Rg3 {allowed White to develop
dangerous initiative.}) 25... Rh8 26. Be6 h5 $1 27. Rxh5 Qe5 28. h3 Bxe4 29.
Rb3 $4 ({Obviously overlooking Black's reply. After} 29. Rxh8 Rxh8 30. Rb3 {
White could still resist.}) {[%tqu "En","White's pieces are badly coordinated.
How should Black continue?","Exploit a shaky position of White's queen and
rook.","Use your bishop!","e4g2","After this impressive move Black o obtains
decisive advantage.",4]} 29... Bxg2+ $1 {[%csl Re2,Ge5,Gg2,Rh1,Rh5,Gh8][%cal
Gh8h5,Ge5e2] This powerful blow decides the game for Black.} 30. Qxg2 Qe1+ 31.
Qg1 Qxg1+ 32. Kxg1 Rxh5 33. Rxb7 Kf8 34. Kg2 Rh4 35. c4 Rd4 36. Bd5 Rd2+ 37.
Kf3 Ra2 38. h4 gxh4 39. Rb1 Ra7 40. Rg1 Ke8 41. Be6 Ra3+ 42. Kf4 Kd8 43. Rg8+
Kc7 44. Rc8+ Kb7 45. c5 Rc3 46. Re8 Kc6 47. cxd6 Kxd6 48. Rd8+ Kc5 0-1

[Event "Bundesliga 0506"]
[Site "Germany"]
[Date "2005.12.10"]
[Round "5.1"]
[White "Landa, Konstantin"]
[Black "Wippermann, Till"]
[Result "1-0"]
[WhiteElo "2600"]
[BlackElo "2446"]
[Annotator "Babula,V"]
[PlyCount "109"]
[EventDate "2005.10.21"]
[EventType "team-tourn"]
[EventRounds "15"]
[EventCountry "GER"]
[SourceTitle "CBM 111"]
[Source "ChessBase"]
[SourceDate "2006.04.04"]
[SourceVersion "1"]
[SourceVersionDate "2006.04.04"]
[SourceQuality "1"]
[WhiteTeam "Muelheim Nord"]
[BlackTeam "Kirchheim"]
[WhiteTeamCountry "GER"]
[BlackTeamCountry "GER"]

1. e4 c5 2. Nc3 (2. Nf3 g6 3. d4 cxd4 4. Qxd4 Nf6 5. Nc3 ({other main
alternatives are} 5. e5) (5. Bb5)) 2... g6 3. d4 cxd4 4. Qxd4 Nf6 5. Nf3 {
A known theoretical position, usually it arises after the move order shown in
the line to move 2.} (5. Bb5 a6 6. e5 axb5 7. exf6 e6) 5... Nc6 6. Qa4 {
[%cal Ye4e5]} d6 ({Risky is} 6... Qc7 $6 {due to} 7. Nd5 $1 Nxd5 8. exd5 Ne5 9.
Bf4 Nxf3+ (9... Bg7 10. O-O-O O-O 11. Bxe5 Bxe5 12. Nxe5 Qxe5 13. d6 $1 $14 {
1-0 Hauchard,A-Vachier Lagrave,M/Montpellier 2000/EXT 2001 (42)}) 10. gxf3 Qc5
11. O-O-O $32 {1/2-1/2 Kovalevskaya,E-Matveeva,S/Hyderabad 2002/CBM 090 ext 
(66)}) 7. e5 {The point of White's opening idea.} Ng4 {Perhaps the best.} ({
After} 7... dxe5 $143 $6 8. Nxe5 {White gains easily a small advantage:} Bd7 (
8... Bg7 9. Bb5 $14) 9. Nxd7 (9. Nxc6 $5 bxc6 (9... Bxc6 10. Bb5 $14) 10. Be3
Bg7 11. O-O-O O-O 12. Qa3 Rb8 13. Bc4 $13 {1-0 Nevednichy,V-Nanu,C/Sovata 2001/
EXT 2003 (47)}) 9... Qxd7 10. Bb5 Bg7 11. O-O O-O 12. Rd1 Qf5 13. Be3 $14 {
0-1 Hamdouchi,H-Gashimov,V/Athens 2005/CBM 105 ext (68)}) (7... Nd7 $6 {
isn't suitable also:} 8. exd6 Nb6 9. Qh4 Qxd6 10. Bf4 (10. Nb5 $5) 10... Qb4
11. O-O-O Bg7 12. a3 Qa5 13. Bd2 $14 {1-0 Rublevsky,S-Savchenko,B/
chessassistantclub.com INT 2004/CBM 104 ext (22)}) 8. Bb5 {A relatively new
move.} ({As the main line was considered} 8. exd6 Qxd6 (8... Bg7 $5) {and now
White has two options:} 9. Bf4 ({or} 9. Nb5)) ({To a complicated play leads} 8.
Bf4 Bg7 9. exd6 Qb6 {[%csl Rf2]} (9... Bxc3+ $5 10. bxc3 Qb6) 10. O-O-O Nxf2
11. Re1 Nxh1 12. Rxe7+ Kf8 13. Bc4 Be6 14. Bxe6 fxe6 15. Ng5 Bxc3 16. bxc3 Qg1+
17. Kb2 Qb6+ 18. Kc1 Qg1+ 19. Kb2 Qb6+ {1/2-1/2 Fressinet,L-Stojanovski,D/
Oropesa del Mar 1999/CBM 072 ext}) 8... Bg7 ({Surprisingly nobody has played
yet logical} 8... Ngxe5 $5 {It looks at least as an equivalent alternative to
the text move, for example} 9. Nxe5 dxe5 10. Bxc6+ bxc6 11. Qxc6+ Bd7 12. Qc5
Bg7) 9. exd6 Qxd6 10. O-O O-O 11. Bf4 ({After} 11. Rd1 Qc5 12. Ne4 Qb6 13. h3 {
Black has strong} Bf5 $1 $13 14. hxg4 $140 Bxe4 15. Be3 Bxc2 $1) 11... e5 $2 {
A serious mistake allowing White to develop his rook with a tempo and take
under control almost the whole board. Moreover Black closes his Bg7 and
weakens the d5 and d6 squares.} (11... Qc5 $142 12. h3 Bxc3 $5 (12... Nge5 $6
13. Nxe5 Bxe5 14. Be3 (14. Bxe5 Nxe5 15. Rfe1 $14) 14... Bd4 15. Rfe1 Bxe3 16.
Rxe3 Nd4 17. Rae1 $14 {1-0 Sargissian,G-Kovchan,A/Mureck 1998/CBM 065 ext (49)}
) 13. bxc3 Nf6 $13) 12. Rad1 Qb4 13. Bc1 Qxa4 14. Bxa4 $16 {Even without the
queens White dominates, the difference between piece coordination is apparent.}
Be6 15. h3 Nh6 16. Rfe1 Nf5 (16... f6 17. Bxc6 bxc6 18. Rd6 $16 {1/2-1/2 Tan,
D-Bentley,J/West Bromwich 2004/EXT 2005 (32)}) 17. Ng5 $5 (17. Bxc6 bxc6 18.
Nxe5 $16 {gains a pawn, but it leaves Black with the pair of bishops.}) 17...
Bc8 $6 {It is too passive.} (17... Bc4 $142 18. Rd7 $16) (17... Ncd4 $142 18.
Nxe6 Nxe6 19. Ne4 $16) 18. Nd5 Rb8 19. c3 b5 20. Bb3 Na5 21. Bc2 Rb7 $6 22. Ne4
$18 {Black's defence is collapsing.} Ne7 23. Nd6 Nxd5 24. Rxd5 Rb6 25. Be3 Ra6
26. Nxc8 Rxc8 27. Rxb5 Nc4 28. Bb3 Nxb2 29. Bd5 Rd6 30. c4 e4 31. Rb7 Be5 32.
Bxf7+ Kh8 33. Rb1 $6 {An inaccuracy allowing Black still to fight,} (33. Re7
$142 {wins easily.}) 33... Nxc4 34. Bxc4 Rxc4 35. g4 $5 $16 {But anyway White
should convert his advantage.} (35. Rxa7 Rb4 $5) 35... Rdc6 36. Rxa7 (36. R1b5
$5) 36... Rc7 37. Ra8+ Kg7 38. Rd1 (38. a4 Bd4 $5) 38... Bf6 39. Kg2 h5 40. g5
(40. a4 $5) 40... Be7 41. Kg3 Bc5 42. Rad8 (42. Rdd8 $5) 42... Rf7 43. R8d7
Bxe3 44. fxe3 Ra4 45. R1d2 {After several inaccuracies in time-trouble White's
win is not so clear.} Ra5 ({The main problem is, what White should do after
exchanging the rooks, for example} 45... Rxd7 46. Rxd7+ Kf8 47. Rd2 Ke7 48. Kf4
Ke6 49. h4 Ra3 50. Rb2 Ra6 $16 {To prove a win in this position is not an easy
task.}) 46. h4 Raf5 $6 {But this loses immediately as White will get his rook
behind the passed a pawn.} (46... Rxd7 $142 47. Rxd7+ Kf8 48. Rd2 Ke7 49. Kf4
Ke6 $16) 47. Rxf7+ Rxf7 48. a4 $1 $18 Rf3+ 49. Kg2 Rxe3 50. Ra2 $1 Rd3 51. a5
e3 52. Kf3 e2+ 53. Kxe2 Rd4 54. a6 Rxh4 55. Kd3 1-0

[Event "Bundesliga 0506"]
[Site "Germany"]
[Date "2005.12.09"]
[Round "7.6"]
[White "Smagin, Sergey"]
[Black "Hausrath, Daniel"]
[Result "0-1"]
[WhiteElo "2565"]
[BlackElo "2463"]
[Annotator "Babula,V"]
[PlyCount "104"]
[EventDate "2005.10.21"]
[EventType "team-tourn"]
[EventRounds "15"]
[EventCountry "GER"]
[SourceTitle "CBM 111"]
[Source "ChessBase"]
[SourceDate "2006.04.04"]
[SourceVersion "1"]
[SourceVersionDate "2006.04.04"]
[SourceQuality "1"]
[WhiteTeam "Katernberg"]
[BlackTeam "Muelheim Nord"]
[WhiteTeamCountry "GER"]
[BlackTeamCountry "GER"]

1. e4 c5 2. Nf3 g6 3. c3 Bg7 4. d4 cxd4 5. cxd4 d5 {This is considered as
Black's best reaction to White's 3rd move.} 6. e5 ({Other White's option is} 6.
exd5 Nf6 7. Bb5+) 6... Nh6 ({The main alternative to the text move is} 6... Bg4
{Black's idea is clear, he wants to press against the d4 pawn. There are some
examples of the further play:} 7. Qb3 $5 (7. Bb5+ Nc6 (7... Nd7 $143 8. O-O e6
9. Nbd2 a6 10. Bxd7+ Qxd7 11. h3 Bxf3 12. Nxf3 Ne7 13. Bg5 h6 14. Bxe7 Qxe7 15.
Rc1 $14 {1-0 Zvjaginsev,V-Gdanski,J/Moscow 2001/CBM 086 (44)}) 8. Bxc6+ bxc6 9.
Nbd2 Nh6 10. O-O O-O 11. h3 Bxf3 12. Nxf3 Qb6 13. b3 {[%csl Gc5][%cal Yc1a3] A
deployment of Bc1 to the a3 square, where it helps to fight for the c5 square,
is typical for this whole system.} c5 14. Ba3 cxd4 15. Bxe7 Rfe8 16. Bg5 Nf5
17. Re1 $14 {1-0 Baklan,V-Neumann,M/Northeim 2005/CBM 105 ext (29)}) (7. Be2
Nc6 8. Nbd2 Qb6 9. h3 Bf5 10. O-O Nb4 11. Qa4+ $1 Bd7 12. Qb3 $14 Rc8 13. a3
Nc2 $2 14. Qxb6 axb6 15. Ra2 Nh6 16. g4 f6 17. b3 $16 {[%csl Rc2][%cal Ye2d3]
1-0 Ivanchuk,V-Gdanski,J/Warsaw 1999/EXT 2002 (37)}) 7... Qd7 8. Nc3 Bxf3 9.
gxf3 Nc6 10. Be3 e6 (10... Rd8 $2 11. Na4 $1 $16 Na5 12. Qb5 b6 $6 13. Rc1 {
[%cal Yc1c7]} Nc4 14. Qxd7+ Kxd7 15. b3 Nxe3 16. Bb5+ Ke6 17. Rc6+ Kf5 18. fxe3
$18 {1-0 Yudasin,L-Milman,L/New York 2002/EXT 2003 (46)}) 11. Nb5 Bf8 12. Rc1
Bb4+ 13. Bd2 Be7 14. Qa4 a6 $13 {1/2-1/2 Smirin,I-Stanojoski,Z/Struga 1995/CBM
049 ext/[Bangiev] (29)}) 7. Nc3 ({Usually White plays here} 7. h3 {[%csl Gg4]
to avoid Bc8-g4. After} O-O 8. Nc3 Nc6 9. Be2 {we reach the position from the
game,} ({but here White can play also} 9. Bb5 $5 {with the intention to
exchange on c6, develop his Bc1 to a3 and play on dark squares, especially on
the c5 square.})) 7... O-O 8. Be2 (8. h3) 8... Nc6 9. h3 f6 {Black liquidates
the e5 pawn wedge.} 10. exf6 exf6 11. O-O Nf5 12. Bb5 {A novelty, White goes
to a plan which I describe in the end of the note to move 7, but with a tempo
down.} (12. Bf4 Be6 13. Rc1 Bf7 14. Na4 Re8 15. Bb5 Re4 $13 {0-1 Palkovi,
J-Seres,L/Budapest 1996/CBM 057/[Har Zvi] (41)}) 12... Be6 $6 {This move
allows White to fulfil his idea.} (12... Qd6 $142 $5 $11) 13. Na4 Bf7 14. Bxc6
bxc6 15. b3 {[%csl Gc5][%cal Yc1a3]} Re8 16. Ba3 $14 h5 {Black secures the
position of Nf5 and prepares a counterplay, especially on the kingside and
against the d4 pawn.} 17. Re1 Qa5 18. Bc5 Re4 19. Qd3 Rae8 20. Nc3 {White
forces the exchange of the rooks, what is favourable for him.} Rxe1+ 21. Rxe1
Rxe1+ 22. Nxe1 Bf8 {Black exchanges the bishops to attack the d4 pawn.} 23.
Bxf8 Kxf8 24. Nf3 $6 {The knight defends here the d4 pawn , but it has no
other perspectives and Black can attack it in the future, by g6-g5-g4 or h5-h4,
Bf7-h5.} (24. Nc2 $142 {[%cal Yc2e3] with the intention to exchange Black's
Nf5, for example} c5 25. dxc5 Qxc5 26. Ne2 $14 {[%cal Ye2d4]}) 24... h4 $1 25.
Na4 Kg7 $11 {Now the position is approximately equal as it is very difficult
for White to make any progress. Black's queen and knight are very active and
the d4 weakness requires always the defence.} 26. Qb1 Qb4 27. Qd3 Qa3 28. Qc2
Qd6 29. Nc3 $6 {This maneouvre leads nowhere and only helps Black.} Qf4 30. Ne2
Qe4 31. Qd2 g5 $1 $15 {[%csl Rf3][%cal Yf7h5] The tables have turned, now
White has to defend.} 32. Nc3 Qe7 33. Ne1 $4 {But he blunders immediately,
most probably in the time-trouble.} Nxd4 $1 $19 {The d4 weakness falls, the
rest is simple.} 34. f4 Qb4 35. Kh1 Nb5 36. Nb1 Qe4 37. a4 Nd6 38. Nc3 Qxf4 39.
Qxf4 gxf4 40. b4 Ne4 41. Nd1 Bh5 42. Nb2 Ng5 43. Kg1 Kg6 44. Nbd3 Kf5 45. b5
cxb5 46. axb5 Be2 47. Kf2 f3 48. Nb4 Ne4+ 49. Ke3 d4+ 50. Kxd4 f2 51. Nec2 Kg6
52. Ne3 Ng3 0-1

[Event "Guillermo Garcia Memorial-A 06th"]
[Site "Santa Clara"]
[Date "1998.06.02"]
[Round "8"]
[White "Vazquez Igarza, Renier"]
[Black "Bellon Lopez, Juan Manuel"]
[Result "1/2-1/2"]
[WhiteElo "2405"]
[BlackElo "2455"]
[Annotator "Bangiev,A"]
[PlyCount "144"]
[EventDate "1998.05.24"]
[EventType "tourn"]
[EventRounds "13"]
[EventCountry "CUB"]
[EventCategory "9"]
[SourceTitle "CBM 066"]
[Source "ChessBase"]
[SourceDate "1998.09.30"]
[SourceVersion "1"]
[SourceVersionDate "1998.09.30"]
[SourceQuality "1"]

1. e4 c5 2. Nf3 g6 3. d4 Bg7 4. Nc3 Qa5 5. Be2 Nc6 6. d5 Nd4 7. O-O Nxf3+ 8.
Bxf3 d6 9. Re1 Nh6 (9... Be5 $5 10. g3 (10. Be2 Nf6 11. Bb5+ Nd7) 10... Nf6 11.
Bg2 O-O 12. f4 Bxc3 13. bxc3 Qxc3 14. Rb1 Bg4 $13) (9... Bxc3 10. bxc3 Qxc3 11.
Rb1 Nf6 12. Bb2 $36) 10. e5 O-O (10... dxe5 11. Bxh6 Bxh6 12. d6 $1 $16) 11.
Bf4 Qb4 12. Qd2 Nf5 13. a3 Qb6 14. Rab1 Bd7 15. h3 Rad8 (15... Nd4 16. Bg4 Bxg4
17. hxg4 $14) 16. exd6 exd6 17. Ne4 Bc8 18. c3 f6 $6 (18... Nh4 $5) 19. b4 cxb4
20. axb4 g5 21. Bh2 Nh4 22. Bh5 Bf5 23. c4 Qa6 24. Ra1 Qxc4 25. Nxd6 $16 Qd3
26. Qxd3 Bxd3 27. Rxa7 f5 28. Rxb7 (28. Re7 f4 29. Bf7+ Kh8 30. Nxb7 $16) 28...
f4 29. Bf7+ Kh8 30. Ne4 Bxe4 31. Rxe4 Nf5 $5 32. Ra7 Nd6 33. Ree7 Bd4 34. Rac7
Nxf7 35. Rxf7 Rxf7 36. Rxf7 Rxd5 $132 37. g3 $6 (37. Rb7) 37... Kg8 38. Rb7 f3
$1 39. g4 Bc3 40. Bg3 (40. Bb8 Rd2 41. b5 Rb2 $132) 40... Rd1+ 41. Kh2 Rb1 42.
b5 Bd4 $15 43. Rd7 Bb6 44. Rd5 h6 45. Rd6 Rxb5 46. Rxh6 Kf7 47. Rd6 Rb3 48. Rd5
Kg6 49. Rf5 Ba7 50. Rd5 Ra3 51. Rd2 Kf6 52. Bd6 Rb3 53. Bc7 Rc3 54. Bg3 Ra3 55.
Rd5 Kg6 56. Rf5 Bb6 57. h4 gxh4 58. Bxh4 Bc7+ 59. Bg3 Bb6 60. Kh3 Rb3 61. Bh4
Ba7 62. Rf6+ Kg7 63. g5 Bd4 64. Rf5 Bb6 65. Kg4 Rb4+ 66. Kh5 Rb3 67. g6 Ra3 68.
Rf7+ Kg8 69. Bf6 Ra7 70. Rxa7 Bxa7 71. Bh4 Bc5 72. Kg4 Bb6 1/2-1/2